000 00368nam a2200145Ia 4500
005 20240821155016.0
008 240821s9999||||xx |||||||||||||| ||und||
082 _a791.4353 ROT
100 _aRotha, Paul
245 0 _aDocumentary film
260 _aLondon
_bFaber & Faber
_c1970
300 _a412p
650 _aARTS,CRAFTS,MUSIC,SPORTS AND RECREATIONS
942 _cBK
999 _c92796
_d92796